000 00860nam a2200241Ia 4500
003 GCL
008 140319s9999 xx 000 0 ara d
040 _aGCL /
_cGCL
082 0 4 _aد
_b630
_bم س
100 1 _aمنظمة الاغذية والزراعة
245 1 0 _aالسياسات الزراعية - السعرية /
_cمنظمة الاغذية والزراعة
700 1 _aالمكتب الاقليمى للشرق الادنى
700 1 _aهاريجون , جين
260 _a[S.N] :
_bمنظمة الاغذية والزراعة للأمم المتحدة ،
_c1992
300 _a317 ص
490 _aسفيرالكلمة الطيبة
_v0
650 0 4 _aالزراعة
650 0 4 _aالاسعار
650 0 4 _aالاغذية
650 0 4 _aالاقتصاد الزراعى
650 0 4 _aالسياسة الزراعية
942 _2ddc
_cCF
999 _c27456
_d27456